Write The City/Country Precisely - Harder Version - Statistics

General Stats
  • This quiz has been taken 16 times
    11 since last reset
  • The average score is 7 of 10
Answer Stats
Hint Answer % Correct
Salt (City in Utah) Salt Lake City
100%
Bandar (Capital of Brunei) Bandar Seri Begawan
90%
Hull (City in United Kingdom) Kingston upon Hull
80%
Amedabad (City in India) Ahmedabad
70%
Dar (City in Tanzania) Dar es Salaam
70%
Long (Two Word City in California) Long Beach
70%
Sri Jayawardenepura (One of the capitals of Sri Lanka) Sri Jayawardenepura Kotte
70%
Albakuerkue (City in the USA) Albuquerque
60%
Brighton (City in United Kingdom) Brighton and Hove
60%
Hainan (City in China) Huainan
10%
No matching quizzes found
Score Distribution
Percent of People with Each Score
Percentile by Number Answered
Your Score History
You have not taken this quiz since the last reset